Pink Animals - Statistics

General Stats
  • This quiz has been taken 23 times
  • The average score is 2 of 5
Answer Stats
Answer % Correct
Flamingo
100%
Dolphin
26%
Axolotl
13%
Starfish
13%
Spoonbill
9%
No matching quizzes found
Score Distribution
Percent of People with Each Score
Percentile by Number Answered
Your Score History
You have not taken this quiz